000 00658nam a2200193Ia 4500
008 151121s9999||||xx |||||||||||||| ||und||
082 _a814/सप्रे
082 _bHNW-115897
100 _aसप्रे मधुवती
245 _aव्यासांच्या लेकी
260 _b"मैत्रेय प्रकाशन, पुणे।"
260 _c2014
300 _a128
600 _aसप्रे मधुवती
630 _aव्यासांच्या लेकी
700 _aसप्रे मधुवती
730 _aव्यासांच्या लेकी
942 _cBOOK
999 _c1264591
_d1264588